"Ant pile" by Dominic Fike - Lyrics Quiz - Statistics

General Stats
  • This quiz has been taken 171 times
  • The average score is 263 of 332
Answer Stats
Answer % Correct
a
99%
i
99%
first
98%
(first
98%
you
98%
an
97%
me
97%
the
97%
ant
96%
(ant
96%
pile
96%
pile)
96%
to
94%
so
93%
day
92%
day)
92%
locker
92%
grade
91%
grade)
91%
(locker)
91%
up
90%
we
90%
your
90%
and
89%
do
88%
pushed
88%
was
88%
against
87%
high
87%
wall
87%
wall)
87%
worst
87%
brick
86%
(brick
86%
mom
86%
school
86%
when
86%
different
85%
she
85%
what
85%
even
84%
love
84%
somebody
84%
before
83%
get
82%
that
82%
tied
82%
date
81%
date)
81%
does
81%
her
81%
let
81%
like
81%
ring
81%
still
81%
then
81%
wasn't
81%
wedding
81%
away
80%
every
80%
home
80%
know
80%
(in
79%
in
79%
always
78%
but
78%
on
78%
said
78%
threw
78%
where
78%
were
77%
knew
76%
liked
76%
of
76%
of)
76%
went
76%
at
74%
don't
74%
let's
74%
looked
73%
mama
73%
middle
73%
ninth
73%
(ninth
73%
takes
73%
back
72%
lover
71%
pick
71%
much
68%
allergic
67%
kissed
67%
can
65%
no
65%
go
64%
picked
64%
it
63%
our
62%
entrée
61%
smokes
61%
movie
60%
thing
60%
bodies
59%
changing
59%
awful
58%
happen
58%
naked
58%
act
57%
how
57%
seen
57%
redo
56%
what's
56%
completely
55%
eight
55%
fall
55%
i've
55%
missed
55%
pasta
55%
pieces
55%
can't
54%
decent
54%
eat
54%
camels
53%
camels)
53%
fireworks
53%
evening
52%
higher
52%
tell
52%
dress
51%
mostly
51%
started
51%
couldn't
50%
feel
50%
(mostly
50%
next
50%
remember
50%
there's
50%
burst
49%
surprise
49%
ups
49%
held
48%
more
47%
tire
46%
ways
45%
pipe
43%
around
42%
daniella
42%
wanna
42%
anywhere
41%
sometime
38%
theater
36%
sometimes
32%
nowadays
22%
will
22%
meet
21%
No matching quizzes found
Score Distribution
Percent of People with Each Score
Percentile by Number Answered
Your Score History
You have not taken this quiz